[Event "SR 3. liga A2 2013/2014"]
[Site "?"]
[Date "2013.11.10"]
[Round "3.5"]
[White "Horak, Ivan"]
[Black "Stanec, Stanislav"]
[Result "0-1"]
[WhiteElo "2070"]
[BlackElo "2195"]
[PlyCount "96"]
[EventDate "2013.??.??"]

1. c4 Nf6 2. Nc3 g6 3. e4 d6 4. d4 Bg7 5. f3 O-O 6. Be3 c6 7. Qd2 Qc7 8. O-O-O
a6 9. h4 b5 10. Bh6 e5 11. g4 b4 12. Nce2 c5 13. d5 Nbd7 14. Ng3 Nb6 15. Nh3
Ra7 16. Bd3 Ne8 17. h5 Qd8 18. Rdf1 f6 19. hxg6 hxg6 20. Be3 g5 21. Qh2 Rff7
22. Nf2 Qd7 23. Qh5 Qa4 24. Kb1 b3 25. axb3 Qxb3 26. Rc1 Na4 27. Rc2 Rab7 28.
Kc1 Nxb2 29. Kd2 Qb4+ 30. Ke2 Nxd3 31. Nxd3 Qa4 32. Rcc1 Qa2+ 33. Bd2 Kf8 34.
Qg6 Ke7 35. Nh5 a5 36. Nxg7 Rxg7 37. Rh7 Kd8 38. Rxg7 Rxg7 39. Qh5 Ba6 40. Ke3
a4 41. Qh2 Bxc4 42. Rc2 Qb3 43. Rc3 Qb5 44. Nc1 Bb3 45. Be1 c4 46. Qb2 Rh7 47.
Nxb3 axb3 48. Bf2 Ra7 0-1

[Event "SR 3. liga A2 2013/2014"]
[Site "?"]
[Date "2013.11.10"]
[Round "3.5"]
[White "Strakac, Petr"]
[Black "Sefcik, Marek"]
[Result "0-1"]
[WhiteElo "2090"]
[BlackElo "2030"]
[PlyCount "142"]
[EventDate "2013.??.??"]

1. e4 d5 2. exd5 Qxd5 3. Nc3 Qd6 4. Nf3 Bg4 5. d4 Nf6 6. Bc4 c6 7. O-O e6 8.
Bg5 Nbd7 9. Re1 Be7 10. Qe2 O-O 11. Rad1 Nb6 12. Bb3 Nbd5 13. Na4 h6 14. Bh4
Qf4 15. Bg3 Qf5 16. c4 Bxf3 17. Qxf3 Qxf3 18. gxf3 Nb6 19. Nc5 Bxc5 20. dxc5
Nbd7 21. Bd6 Rfe8 22. Ba4 Rec8 23. Bc2 g6 24. Rd3 b6 25. b4 a5 26. a3 axb4 27.
axb4 bxc5 28. Rb1 Ra2 29. Bd1 cxb4 30. Rxb4 Ra7 31. Rdb3 Rca8 32. Bc2 Kg7 33.
Kg2 Ra4 34. f4 Rxb4 35. Rxb4 Ra7 36. Kf3 Ra3+ 37. Ke2 Ra2 38. Kd3 Ne4 39. Kxe4
Rxc2 40. Kd3 Rxf2 41. Rb7 Nf6 42. Be5 g5 43. fxg5 hxg5 44. Rc7 Kg6 45. Rxc6 Ng4
46. Bg3 Rg2 47. Ra6 Nxh2 48. Bd6 Nf3 49. c5 g4 50. Ra1 Rd2+ 51. Ke3 Rc2 52. Ra6
Rc3+ 53. Kf4 Rc4+ 54. Ke3 Rc3+ 55. Kf4 Rc4+ 56. Ke3 Kf5 57. c6 Rc3+ 58. Kf2
Rc2+ 59. Ke3 Rc3+ 60. Kf2 Rc2+ 61. Ke3 e5 62. Bb8 Nd4 63. c7 g3 64. Ra5 f6 65.
Ra2 g2 66. Ra1 Rxc7 67. Rg1 Rb7 68. Bd6 Rb3+ 69. Kf2 Rb2+ 70. Ke3 Ne6 71. Kf3
Ng5+ 0-1

[Event "SR 3. liga A2 2013/2014"]
[Site "?"]
[Date "2013.11.10"]
[Round "3.5"]
[White "Chabada, Tomas"]
[Black "Hudacek, Josef"]
[Result "1-0"]
[WhiteElo "1972"]
[BlackElo "2040"]
[PlyCount "63"]
[EventDate "2013.??.??"]

1. e4 e5 2. Nf3 Nc6 3. Bb5 a6 4. Ba4 Nf6 5. O-O Nxe4 6. d4 b5 7. Bb3 d5 8. dxe5
Be6 9. c3 Be7 10. Nbd2 Nxd2 11. Bxd2 O-O 12. Re1 Na5 13. Bc2 c5 14. b3 Nc6 15.
Be3 Re8 16. Ng5 Bxg5 17. Qh5 Bxe3 18. Bxh7+ Kf8 19. Rxe3 Ra7 20. f4 d4 21. Rg3
Qd5 22. Re1 dxc3 23. f5 Qd4+ 24. Kh1 c2 25. f6 c4 26. Qg5 Rd8 27. fxg7+ Ke8 28.
Bxc2 Bd5 29. Bf5 Ne7 30. Qf6 Ng8 31. Qg5 Qf2 32. Rge3 1-0

[Event "SR 3. liga A2 2013/2014"]
[Site "?"]
[Date "2013.11.10"]
[Round "3.5"]
[White "Kubis, Ivan"]
[Black "Kovarik, Oto"]
[Result "1-0"]
[WhiteElo "1992"]
[BlackElo "1925"]
[PlyCount "71"]
[EventDate "2013.??.??"]

1. e4 c5 2. Nf3 e6 3. d4 cxd4 4. Nxd4 Nc6 5. Nxc6 bxc6 6. Bd3 Qc7 7. O-O Nf6 8.
c4 Bc5 9. Nc3 O-O 10. Bg5 Qe5 11. Qd2 Ng4 12. Bf4 Qf6 13. e5 Qh4 14. Ne4 Be7
15. h3 Nh6 16. Rae1 Nf5 17. Ng3 Nxg3 18. fxg3 Bc5+ 19. Kh2 Qe7 20. Bg5 f6 21.
exf6 gxf6 22. Bh6 Rf7 23. Re4 f5 24. Rxf5 exf5 25. Rxe7 Bxe7 26. c5 Rb8 27. Bc4
Rb7 28. Qf4 d5 29. cxd6 Bd8 30. Qe5 Bd7 31. Bxf7+ Kxf7 32. Qh8 Bf6 33. Qxh7+
Ke6 34. Bf4 Bc8 35. Qg8+ Kd7 36. Qf7+ 1-0

[Event "SR 3. liga A2 2013/2014"]
[Site "?"]
[Date "2013.11.10"]
[Round "3.5"]
[White "Kahanek, Jaroslav"]
[Black "Vepy, Ivan"]
[Result "0-1"]
[WhiteElo "1861"]
[BlackElo "1926"]
[PlyCount "112"]
[EventDate "2013.??.??"]

1. d4 Nf6 2. Nc3 d5 3. e3 e6 4. a3 Be7 5. Nf3 O-O 6. Bd3 b6 7. b4 c5 8. b5 a6
9. Bb2 c4 10. Be2 axb5 11. Nxb5 Nc6 12. O-O Na5 13. Ne5 Ba6 14. a4 Bxb5 15.
axb5 Qe8 16. Ba3 Bxa3 17. Rxa3 Qxb5 18. Qa1 Rfb8 19. f3 Qe8 20. Qb2 h6 21. Rb1
Nd7 22. f4 Nxe5 23. fxe5 Nc6 24. Rba1 Rxa3 25. Qxa3 b5 26. Qc5 b4 27. Ra6 Ne7
28. Rb6 Nf5 29. Rxb4 Nxe3 30. c3 Ra8 31. Kf2 Nf5 32. Qc7 Rc8 33. Qb7 Qd8 34. g3
Ne7 35. Rb6 Ra8 36. Rd6 Qf8 37. Rd7 Ng6 38. h4 Nh8 39. Qb2 f6 40. Kg2 fxe5 41.
dxe5 Ng6 42. Bg4 Nxe5 43. Bxe6+ Kh8 44. Rb7 Qf3+ 45. Kh2 Ng4+ 46. Bxg4 Qxg4 47.
Rb8+ Rxb8 48. Qxb8+ Kh7 49. Qd6 Qe2+ 50. Kh3 Qd3 51. h5 d4 52. cxd4 c3 53. Kh4
c2 54. Qc6 Qxd4+ 55. Kh3 Qd3 56. Kh4 Qf5 0-1

[Event "SR 3. liga A2 2013/2014"]
[Site "?"]
[Date "2013.11.10"]
[Round "3.5"]
[White "Jarabek, Milan"]
[Black "Husek, Lubomir"]
[Result "0-1"]
[WhiteElo "1744"]
[BlackElo "1829"]
[PlyCount "72"]
[EventDate "2013.??.??"]

1. e4 g6 2. d4 Bg7 3. Nc3 d6 4. Be3 Nf6 5. Bc4 O-O 6. f3 c6 7. a4 e5 8. Nge2
Nbd7 9. Qd2 Nb6 10. Bb3 Qe7 11. O-O-O Be6 12. h4 Bxb3 13. cxb3 exd4 14. Bxd4
Rfd8 15. g4 Qe6 16. h5 Qxb3 17. hxg6 fxg6 18. Nf4 c5 19. Bxf6 Bxf6 20. Nfd5
Nxd5 21. Qxd5+ Qxd5 22. Nxd5 Bd4 23. Nc7 Rac8 24. Nb5 Be5 25. Rd5 a6 26. Nc3
Rf8 27. Rf1 Rc7 28. Ne2 Rcf7 29. Rd3 b5 30. axb5 axb5 31. b3 Ra7 32. Kd2 c4 33.
bxc4 bxc4 34. Rd5 Ra2+ 35. Ke3 Ra3+ 36. Kf2 Raxf3+ 0-1

[Event "SR 3. liga A2 2013/2014"]
[Site "?"]
[Date "2013.11.10"]
[Round "3.5"]
[White "Hrubos, Milan"]
[Black "Hrubsa, Marian"]
[Result "1-0"]
[WhiteElo "1772"]
[BlackElo "1801"]
[PlyCount "157"]
[EventDate "2013.??.??"]

1. e4 e6 2. d4 d5 3. Nc3 Nf6 4. Bg5 Be7 5. e5 Nfd7 6. Bxe7 Qxe7 7. f4 O-O 8.
Nf3 c5 9. Bd3 f5 10. Nb5 Nc6 11. c3 a6 12. Nd6 Nd8 13. O-O Nf7 14. Nxf7 Qxf7
15. a4 b6 16. b4 Bb7 17. Rb1 c4 18. Bc2 Kh8 19. Ng5 Qe7 20. Qh5 g6 21. Qh6 Rg8
22. Rf3 Nf8 23. h4 Qg7 24. Qxg7+ Kxg7 25. Rh3 h6 26. Nf3 Kf7 27. Rf1 Bc6 28.
Nh2 h5 29. Nf3 Nh7 30. Nd2 Ke7 31. Kf2 Bd7 32. Rhh1 Rgc8 33. Ra1 Be8 34. a5
bxa5 35. Rxa5 Rcb8 36. Rha1 Bb5 37. Nb1 Rb6 38. Na3 Rab8 39. Nxb5 axb5 40. Ra7+
R6b7 41. R1a5 Kd8 42. R7a6 Nf8 43. Rd6+ Kc7 44. Raa6 Rb6 45. Ra7+ R8b7 46. Ra8
Nd7 47. Rxb6 Rxb6 48. Rg8 Ra6 49. Ke3 Ra1 50. Rxg6 Rc1 51. Kd2 Rf1 52. g3 Rf2+
53. Kc1 Rg2 54. Rxe6 Rxg3 55. Bxf5 Rg1+ 56. Kb2 Nb6 57. Rg6 Na4+ 58. Kc2 Rh1
59. Rg7+ Kb6 60. e6 Rh2+ 61. Kc1 Nxc3 62. e7 Ne2+ 63. Kd1 Nc3+ 64. Ke1 Re2+ 65.
Kf1 Re3 66. Bg6 Nd1 67. e8=Q Rxe8 68. Bxe8 Ne3+ 69. Ke2 Nf5 70. Rg5 Nxd4+ 71.
Kd1 Nf3 72. Rxh5 d4 73. Bxb5 c3 74. Bd3 Nh2 75. Be2 Kc6 76. Kc2 Kd7 77. Rg5 Ke6
78. Rg2 d3+ 79. Kxd3 1-0

[Event "SR 3. liga A2 2013/2014"]
[Site "?"]
[Date "2013.11.10"]
[Round "3.5"]
[White "Vach, Jozef"]
[Black "Benak, Peter"]
[Result "1/2-1/2"]
[WhiteElo "1799"]
[BlackElo "1601"]
[PlyCount "65"]
[EventDate "2013.??.??"]

1. d4 Nf6 2. Nf3 d5 3. c4 e6 4. Nc3 Be7 5. b3 O-O 6. Bb2 c5 7. e3 Nc6 8. Be2
dxc4 9. bxc4 cxd4 10. exd4 b6 11. O-O Bb7 12. d5 exd5 13. cxd5 Nb4 14. Qb3 Bxd5
15. Nxd5 Qxd5 16. Bc4 Qf5 17. Ne5 Ng4 18. Rae1 Bc5 19. Nxg4 Qxg4 20. Be2 Qf5
21. Bf3 Rae8 22. Rxe8 Rxe8 23. a3 Qc2 24. Qxc2 Nxc2 25. a4 Nd4 26. Bd1 Ne2+ 27.
Kh1 Nf4 28. Bf3 Nd3 29. Ba1 Nxf2+ 30. Kg1 Nd3+ 31. Kh1 Nf2+ 32. Kg1 Nd3+ 33.
Kh1 1/2-1/2

[Event "SR 3. liga A2 2013/2014"]
[Site "?"]
[Date "2013.11.10"]
[Round "3.6"]
[White "Gasa, Andrej"]
[Black "Mihalik, Marek"]
[Result "1-0"]
[WhiteElo "2308"]
[BlackElo "2031"]
[PlyCount "93"]
[EventDate "2013.??.??"]

1. e4 c5 2. Nf3 d6 3. d4 cxd4 4. Nxd4 Nf6 5. Nc3 a6 6. Bg5 e6 7. f4 b5 8. Bd3
Be7 9. Qf3 Bb7 10. a3 Qb6 11. Nb3 Nbd7 12. O-O-O b4 13. axb4 Qxb4 14. Qe2 h6
15. Bh4 Nxe4 16. Bxe4 Bxh4 17. Rd4 Qb6 18. Bxb7 Qxb7 19. f5 Bf6 20. fxe6 O-O
21. exd7 Bxd4 22. Nxd4 Qxd7 23. Qf3 Rab8 24. Rd1 Qe7 25. g3 Rfc8 26. Rf1 Rc7
27. h4 Qd7 28. Qf5 Rb4 29. Qxd7 Rxd7 30. Rd1 Kf8 31. Nd5 Rb8 32. b3 a5 33. Kd2
Rdb7 34. Ra1 Ra8 35. Ra4 Rba7 36. c4 h5 37. Kc2 g6 38. Nb5 Rb7 39. Nxd6 Rbb8
40. Kc3 Ra6 41. c5 Kg7 42. Kc4 f6 43. b4 g5 44. b5 Raa8 45. b6 Rd8 46. Nc7 Rab8
47. Ne6+ 1-0

[Event "SR 3. liga A2 2013/2014"]
[Site "?"]
[Date "2013.11.10"]
[Round "3.6"]
[White "Bincik, Pavol"]
[Black "Sebesta, Radovan"]
[Result "1/2-1/2"]
[WhiteElo "1952"]
[BlackElo "2035"]
[PlyCount "45"]
[EventDate "2013.??.??"]

1. d4 Nf6 2. c4 e6 3. Nf3 b6 4. g3 Ba6 5. Qc2 Bb4+ 6. Bd2 Qe7 7. Bg2 Bb7 8. a3
Bxd2+ 9. Nbxd2 O-O 10. O-O d6 11. b4 Nbd7 12. Nb3 c5 13. dxc5 dxc5 14. b5 Rfd8
15. Rfd1 Nf8 16. Ne5 Bxg2 17. Kxg2 Qb7+ 18. Kg1 Ng6 19. Nc6 Rxd1+ 20. Rxd1 a6
21. a4 axb5 22. axb5 Ne7 23. Ne5 1/2-1/2

[Event "SR 3. liga A2 2013/2014"]
[Site "?"]
[Date "2013.11.10"]
[Round "3.6"]
[White "Gasa, Patrik"]
[Black "Mihalik, Anton"]
[Result "1-0"]
[WhiteElo "1956"]
[BlackElo "1942"]
[PlyCount "129"]
[EventDate "2013.??.??"]

1. d4 d5 2. c4 e6 3. Nf3 Nf6 4. e3 Be7 5. Bd3 Nbd7 6. O-O O-O 7. b3 b6 8. Bb2
Bb7 9. Qc2 h6 10. Nbd2 c5 11. Rac1 Rc8 12. Rfd1 Qc7 13. a3 Qb8 14. Qb1 Qa8 15.
Ne5 Nxe5 16. dxe5 Nd7 17. cxd5 exd5 18. Bf5 Rcd8 19. e6 fxe6 20. Bxe6+ Kh8 21.
Qg6 Rf6 22. Bxf6 Nxf6 23. Nf3 Qb8 24. Qf7 Bd6 25. h3 Rf8 26. Qg6 Qe8 27. Qxe8
Rxe8 28. Bf5 Kg8 29. Bg6 Rd8 30. Nh4 Kf8 31. Nf5 Be5 32. f4 Bb8 33. b4 Rc8 34.
g4 Ne4 35. Nh4 Nd6 36. Bf5 Rc7 37. Be6 Nc4 38. Rd3 cxb4 39. axb4 Nb2 40. Rxc7
Bxc7 41. Rd4 Nc4 42. Kf2 Bd6 43. Nf5 Bxb4 44. Bxd5 Bxd5 45. Rxd5 a5 46. Rd8+
Kf7 47. Rd7+ Kf8 48. Rxg7 a4 49. Ra7 Na5 50. g5 hxg5 51. fxg5 Nc6 52. Rxa4 Kf7
53. Nd4 Ne5 54. Nf3 Nc6 55. Kg3 Bc5 56. e4 b5 57. Ra1 b4 58. Rc1 Bd6+ 59. e5
Nxe5 60. Nxe5+ Bxe5+ 61. Kg4 b3 62. Rc5 b2 63. Rb5 Bd4 64. h4 Kg6 65. Rb7 1-0

[Event "SR 3. liga A2 2013/2014"]
[Site "?"]
[Date "2013.11.10"]
[Round "3.6"]
[White "Gono, Michal"]
[Black "Lanik, Miroslav"]
[Result "1-0"]
[WhiteElo "1941"]
[BlackElo "1925"]
[PlyCount "103"]
[EventDate "2013.??.??"]

1. f4 d5 2. Nf3 Nf6 3. g3 e6 4. Bg2 c5 5. O-O Nc6 6. d3 Be7 7. c3 O-O 8. Qe1 b6
9. e4 dxe4 10. dxe4 Bb7 11. h3 Qc7 12. Na3 a6 13. g4 Nd7 14. g5 Rfe8 15. Qh4
Nf8 16. f5 exf5 17. exf5 Bd6 18. Nc4 Bg3 19. Qg4 Na5 20. Nxa5 bxa5 21. Qc4 Re4
22. Nd4 Bh2+ 23. Kh1 Rxd4 24. cxd4 Bxg2+ 25. Kxg2 Qg3+ 26. Kh1 Qxh3 27. Qe2
Be5+ 28. Kg1 Bxd4+ 29. Rf2 Qxf5 30. Be3 Qe4 31. Bxd4 Qxd4 32. Qf3 Ra7 33. Rd1
Qh4 34. Qf4 Qxf4 35. Rxf4 Ne6 36. Ra4 g6 37. Rd5 Rb7 38. b3 Rb5 39. Rd6 Nxg5
40. Rxa6 Ne6 41. R6xa5 Rb7 42. Ra7 Rb5 43. Rd7 Ng5 44. Raa7 Rb6 45. Rab7 Rf6
46. a4 Nf3+ 47. Kh1 h5 48. a5 Ne5 49. Rd8+ Kg7 50. Rb6 Rf1+ 51. Kg2 Ra1 52. Rd5
1-0

[Event "SR 3. liga A2 2013/2014"]
[Site "?"]
[Date "2013.11.10"]
[Round "3.6"]
[White "Palka, Martin"]
[Black "Nemsak, Denis"]
[Result "1/2-1/2"]
[WhiteElo "1881"]
[BlackElo "1913"]
[PlyCount "99"]
[EventDate "2013.??.??"]

1. c4 f5 2. Nc3 g6 3. g3 Bg7 4. Bg2 Nf6 5. b4 O-O 6. Qb3 d6 7. Bb2 Nbd7 8. Nh3
c5 9. Nf4 cxb4 10. Ncd5 Nc5 11. Qxb4 e6 12. Nxf6+ Bxf6 13. Bxf6 Qxf6 14. O-O g5
15. Nh3 e5 16. Bd5+ Kg7 17. f3 Bd7 18. Nf2 Rab8 19. Qc3 b5 20. Rab1 Rb6 21. Nd3
Rc8 22. Nxc5 Rxc5 23. Qa5 Bc6 24. Bxc6 Rbxc6 25. cxb5 Rc7 26. Qa3 Rb7 27. Qd3
Qe6 28. a4 e4 29. Qd4+ Kg6 30. fxe4 fxe4 31. Rb4 Re5 32. Rc4 Re7 33. Rc6 Rd5
34. Qe3 Qe5 35. Rc8 Qe6 36. Rcf8 h6 37. Qc3 Re5 38. a5 Kg7 39. b6 axb6 40. axb6
d5 41. Qb4 Rb7 42. R8f6 Qxf6 43. Rxf6 Kxf6 44. Qf8+ Rf7 45. Qxh6+ Kf5 46. Kg2
Ree7 47. g4+ Kxg4 48. Qd6 Rd7 49. Qe6+ Kh5 50. Kg3 1/2-1/2

[Event "SR 3. liga A2 2013/2014"]
[Site "?"]
[Date "2013.11.10"]
[Round "3.6"]
[White "Slaby, Jozef"]
[Black "Palka, Miroslav"]
[Result "1/2-1/2"]
[WhiteElo "1874"]
[BlackElo "1924"]
[PlyCount "96"]
[EventDate "2013.??.??"]

1. d4 d5 2. c4 e6 3. e3 g6 4. Nf3 Bg7 5. Be2 Ne7 6. O-O O-O 7. Nc3 b6 8. Bd2
Bb7 9. cxd5 Nxd5 10. Rc1 Nd7 11. a3 c5 12. Nb5 cxd4 13. Nbxd4 Nc5 14. b4 Ne4
15. b5 Nxd2 16. Qxd2 Qd6 17. a4 Ne7 18. Nc6 Qa3 19. Qd7 Bxc6 20. bxc6 Rfd8 21.
Qb7 Nd5 22. c7 Rdc8 23. Ba6 Qe7 24. Qxa8 Rxa8 25. c8=Q+ Rxc8 26. Rxc8+ Bf8 27.
Rfc1 Kg7 28. Bb5 Qb4 29. R8c4 Qb2 30. R4c2 Qf6 31. Rc4 Bc5 32. Re1 g5 33. h3 h6
34. Rg4 Qb2 35. Nd4 Nf6 36. Rg3 Bxd4 37. exd4 Qxd4 38. Rd3 Qb4 39. Red1 a6 40.
Bxa6 Qxa4 41. Bb7 Qc4 42. R3d2 Qc5 43. Rb2 g4 44. hxg4 Nxg4 45. Rdb1 Qc7 46.
Bf3 Qh2+ 47. Kf1 Ne5 48. Ke2 Nxf3 1/2-1/2

[Event "SR 3. liga A2 2013/2014"]
[Site "?"]
[Date "2013.11.10"]
[Round "3.6"]
[White "Curidlo, Jan"]
[Black "Fidericky, Milan"]
[Result "1-0"]
[WhiteElo "1852"]
[BlackElo "1816"]
[PlyCount "143"]
[EventDate "2013.??.??"]

1. e4 e5 2. Nf3 Nf6 3. Nxe5 d6 4. Nf3 Nxe4 5. d3 Nf6 6. Bg5 Be7 7. Nc3 h6 8.
Bh4 Nc6 9. h3 O-O 10. Qd2 Be6 11. a3 Nd5 12. Bxe7 Qxe7 13. Be2 Rfe8 14. Ne4 Nf6
15. O-O d5 16. Ng3 Qd6 17. Rfe1 Kh7 18. c3 g6 19. Bd1 Bd7 20. Bc2 Rxe1+ 21.
Rxe1 Re8 22. b4 Rxe1+ 23. Qxe1 a6 24. Qe3 Kg7 25. d4 Ng8 26. Ne2 Qe7 27. Ne5
Nxe5 28. dxe5 b6 29. f4 c5 30. Ng3 Kf8 31. Qd3 cxb4 32. axb4 a5 33. bxa5 Qc5+
34. Kh2 bxa5 35. Bb3 Be6 36. Ne2 Ne7 37. Nd4 Bd7 38. Qe3 Qb6 39. Qd3 a4 40. Ba2
Ke8 41. Qc2 Qc5 42. g4 Qb6 43. Kg3 a3 44. Qb3 Qa7 45. Kf3 Qc5 46. Qb8+ Nc8 47.
Qb4 Qxb4 48. cxb4 Nb6 49. Nc2 Bc6 50. Ke3 Nc4+ 51. Bxc4 dxc4 52. Nxa3 Bg2 53.
h4 c3 54. Kd3 Bf3 55. g5 hxg5 56. hxg5 Kd7 57. Kxc3 Kc6 58. Kd4 Bg4 59. Nc4 Be6
60. Nd6 Kb6 61. Kc3 Kc6 62. Kb2 Kb6 63. Ka3 Kc7 64. b5 Bd5 65. Kb4 Kb6 66. Nc4+
Kc7 67. Kc5 Be6 68. b6+ Kb7 69. Na5+ Kc8 70. Kd6 Ba2 71. Nc6 Bb3 72. Ke7 1-0

[Event "SR 3. liga A2 2013/2014"]
[Site "?"]
[Date "2013.12.01"]
[Round "4.1"]
[White "Zarecky, Eduard"]
[Black "Abel, Peter"]
[Result "1/2-1/2"]
[WhiteElo "1903"]
[BlackElo "2188"]
[PlyCount "105"]
[EventDate "2013.??.??"]

1. d4 Nf6 2. c4 c5 3. e3 d5 4. Nc3 Nc6 5. Nf3 Bf5 6. a3 e6 7. cxd5 Nxd5 8. Nxd5
Qxd5 9. dxc5 Qxd1+ 10. Kxd1 O-O-O+ 11. Bd2 Bxc5 12. Rc1 Bb6 13. Bb5 Rd5 14. Bc4
Rd6 15. Ke2 Bg4 16. Bb4 Bxf3+ 17. gxf3 Nxb4 18. axb4 Rhd8 19. Rhd1 Rc6 20. b3
Bc7 21. Rxd8+ Kxd8 22. Rd1+ Ke7 23. h3 Bd6 24. b5 Rc5 25. Kf1 Rh5 26. Kg2 Rg5+
27. Kf1 Bh2 28. f4 Rg1+ 29. Ke2 Rxd1 30. Kxd1 e5 31. f5 g6 32. fxg6 hxg6 33.
Ke2 f5 34. f3 Bg3 35. e4 Kf6 36. exf5 gxf5 37. b6 axb6 38. Bd5 Kg5 39. Bxb7 Kf4
40. Bc6 Bh4 41. Bd7 Be7 42. Bc8 Bc5 43. Bd7 Bf8 44. Bc8 b5 45. Bd7 b4 46. Bc8
Bh6 47. Bd7 Bg5 48. Bc8 e4 49. fxe4 Kxe4 50. Bb7+ Kd4 51. Bc8 Ke4 52. Bb7+ Kd4
53. Kf3 1/2-1/2

[Event "SR 3. liga A2 2013/2014"]
[Site "?"]
[Date "2013.12.01"]
[Round "4.1"]
[White "Mihalik, Marek"]
[Black "Bango, Lukas"]
[Result "1-0"]
[WhiteElo "2031"]
[BlackElo "1781"]
[PlyCount "51"]
[EventDate "2013.??.??"]

1. d4 c5 2. dxc5 Qa5+ 3. Nc3 Nf6 4. a3 Qxc5 5. e4 a6 6. Be3 Qc7 7. Be2 g6 8. f4
d6 9. Nf3 Bg7 10. h3 O-O 11. O-O Nc6 12. Qe1 b5 13. Qh4 Be6 14. Ng5 Bc4 15.
Bxc4 h6 16. Bxf7+ Rxf7 17. Nxf7 Kxf7 18. Rae1 e6 19. Qf2 Kg8 20. Rd1 Rf8 21.
Qd2 Ne8 22. f5 Ne5 23. fxe6 Nc4 24. Rxf8+ Bxf8 25. Qf2 Nxb2 26. Rf1 1-0

[Event "SR 3. liga A2 2013/2014"]
[Site "?"]
[Date "2013.12.01"]
[Round "4.1"]
[White "Slobodnik, Michal"]
[Black "Manak, Jozef"]
[Result "1-0"]
[WhiteElo "1891"]
[BlackElo "1998"]
[PlyCount "93"]
[EventDate "2013.??.??"]

1. d4 Nf6 2. Nf3 d5 3. c4 e6 4. Nc3 Be7 5. Bg5 O-O 6. e3 h6 7. Bh4 b6 8. cxd5
exd5 9. Ne5 Be6 10. Bd3 c5 11. Rc1 Nfd7 12. Bxe7 Qxe7 13. O-O Nxe5 14. dxe5 Rd8
15. Qf3 Nc6 16. Qg3 Qg5 17. f4 Qxg3 18. hxg3 d4 19. exd4 Nxd4 20. f5 Bd7 21.
Rce1 Bc6 22. g4 Re8 23. a4 Rad8 24. e6 fxe6 25. fxe6 Nf3+ 26. Rxf3 Bxf3 27. Bb5
Bxg4 28. e7 Rd7 29. Bxd7 Bxd7 30. Nd5 Rc8 31. b3 Be8 32. Ne3 g6 33. Nc4 Rc6 34.
Rf1 Kg7 35. Rf8 Re6 36. Rxe8 Kf7 37. Rh8 Rxe7 38. Rh7+ Kf6 39. Rxh6 Re1+ 40.
Kf2 Rb1 41. Rh3 Kg5 42. Rf3 Rc1 43. Kg3 Rc2 44. Nd6 a6 45. Kh3 Re2 46. Nf7+ Kh5
47. g4# 1-0

[Event "SR 3. liga A2 2013/2014"]
[Site "?"]
[Date "2013.12.01"]
[Round "4.1"]
[White "Mihalik, Anton"]
[Black "Lezovic, Maros"]
[Result "1-0"]
[WhiteElo "1942"]
[BlackElo "1790"]
[PlyCount "81"]
[EventDate "2013.??.??"]

1. c4 g6 2. Nc3 Bg7 3. Nf3 e5 4. g3 Nc6 5. Bg2 Nge7 6. O-O O-O 7. d3 d6 8. a3
a6 9. Qc2 f5 10. Nd5 Be6 11. Ng5 Qd7 12. Nxe6 Qxe6 13. Nxc7 Qc8 14. Nxa8 Qxa8
15. e3 g5 16. f4 g4 17. Rb1 h5 18. b4 exf4 19. gxf4 h4 20. Qf2 h3 21. Bh1 Qa7
22. Bb2 Ng6 23. Bxg7 Kxg7 24. d4 Re8 25. c5 Qb8 26. Rfe1 Nce7 27. d5 Ng8 28.
Qc2 Qc8 29. Qb2+ Nf6 30. Qd4 Nh4 31. e4 fxe4 32. Rxe4 Nf3+ 33. Bxf3 gxf3 34.
Rxe8 Qxe8 35. Qd3 Qh5 36. Kh1 f2 37. Rf1 Ng4 38. cxd6 Qe8 39. Qxh3 Ne3 40. Rxf2
Nxd5 41. Qg2+ 1-0

[Event "SR 3. liga A2 2013/2014"]
[Site "?"]
[Date "2013.12.01"]
[Round "4.1"]
[White "Horecky, Peter"]
[Black "Gono, Michal"]
[Result "1-0"]
[WhiteElo "1697"]
[BlackElo "1941"]
[PlyCount "79"]
[EventDate "2013.??.??"]

1. d4 Nf6 2. Nf3 g6 3. c4 c5 4. d5 b5 5. cxb5 a6 6. bxa6 Bxa6 7. Nc3 Bg7 8. e4
Bxf1 9. Kxf1 d6 10. g3 O-O 11. Kg2 Nbd7 12. Re1 Ng4 13. a4 Qa5 14. Bd2 Qb4 15.
Qc2 Rfb8 16. Reb1 c4 17. Nb5 Qc5 18. Bc3 Nb6 19. Nfd4 Rb7 20. h3 Ne5 21. a5 Nc8
22. b4 cxb3 23. Rxb3 Ra6 24. Rb4 h5 25. Nb3 Rxb5 26. Nxc5 Rxc5 27. Qb3 Nd3 28.
Bxg7 Nxb4 29. Qxb4 Kxg7 30. g4 h4 31. Qb7 Ra7 32. Qb4 Ra6 33. Ra3 f6 34. g5
fxg5 35. Rf3 Rc7 36. Qd4+ Kg8 37. Qd2 e5 38. Qxg5 Ne7 39. Qf6 Ra8 40. Qxd6 1-0

[Event "SR 3. liga A2 2013/2014"]
[Site "?"]
[Date "2013.12.01"]
[Round "4.1"]
[White "Nemsak, Denis"]
[Black "Rau, Vladimir"]
[Result "1-0"]
[WhiteElo "1913"]
[BlackElo "1637"]
[PlyCount "93"]
[EventDate "2013.??.??"]

1. c4 c6 2. e4 e5 3. Nf3 d6 4. Nc3 Nf6 5. g3 Be7 6. Bg2 O-O 7. O-O Be6 8. b3
Nbd7 9. d4 exd4 10. Nxd4 Bg4 11. f3 Bh5 12. Nf5 Ne5 13. Ba3 Ne8 14. g4 Bg6 15.
Nxe7+ Qxe7 16. f4 Nxg4 17. Qxg4 f5 18. Qg5 Qc7 19. Rad1 Qa5 20. Bb2 Nf6 21. Kh1
Ng4 22. exf5 Qxf5 23. Qxf5 Rxf5 24. Rxd6 Ne3 25. Rf2 Nxg2 26. Kxg2 Rf7 27. Ne2
Bb1 28. Be5 Bxa2 29. Nd4 Bb1 30. Ne6 Re8 31. Rfd2 Rfe7 32. Nc5 b6 33. Nd3 g5
34. Kf3 gxf4 35. Rg2+ Kf8 36. Rf6+ Rf7 37. Bd6+ Ree7 38. Bxe7+ Kxe7 39. Rxf7+
Kxf7 40. Ne5+ Kf6 41. Kxf4 c5 42. Rd2 Ke6 43. Nd3 a6 44. Ke3 Kd6 45. Rb2 Bxd3
46. Kxd3 b5 47. Ra2 1-0

[Event "SR 3. liga A2 2013/2014"]
[Site "?"]
[Date "2013.12.01"]
[Round "4.1"]
[White "Capanda, Jan"]
[Black "Slaby, Jozef"]
[Result "1/2-1/2"]
[WhiteElo "1466"]
[BlackElo "1874"]
[PlyCount "167"]
[EventDate "2013.??.??"]

1. e4 c6 2. d4 d5 3. exd5 cxd5 4. Nf3 Nf6 5. h3 Nc6 6. Bd3 e6 7. O-O Bd7 8. a3
Bd6 9. c3 O-O 10. Qe2 Qc7 11. Re1 Na5 12. Ra2 Bf4 13. Ne5 Bxc1 14. Nxd7 Qxd7
15. Rxc1 Rac8 16. Nd2 Qd6 17. Rf1 Rfe8 18. f4 g6 19. Raa1 Nc6 20. Rf2 Nh5 21.
Qe3 Qe7 22. Re1 Ng7 23. Bb5 Qd6 24. Nf3 Nf5 25. Qd2 Ng3 26. Ne5 Ne4 27. Rxe4
dxe4 28. Qe3 Re7 29. Qxe4 a6 30. Nxc6 bxc6 31. Bxa6 Rb8 32. Bc4 c5 33. a4 Rd8
34. dxc5 Qxc5 35. Qe2 Red7 36. b3 h5 37. Kh2 h4 38. b4 Qc7 39. Bb5 Rd1 40. Qf3
Rc1 41. Qg4 Rdd1 42. Qxh4 Rh1+ 43. Kg3 Rxc3+ 44. Rf3 Rxf3+ 45. Kxf3 Qc3+ 46.
Ke2 Qxb4 47. Qd8+ Kg7 48. Qd2 Qe4+ 49. Kf2 Qb1 50. Bd3 Qb6+ 51. Kg3 Qd4 52. a5
Ra1 53. Kf3 Ra3 54. Ke2 e5 55. fxe5 Qxe5+ 56. Kf2 Rxa5 57. Be2 Ra3 58. Bf3 Rb3
59. Qd1 Rb2+ 60. Kf1 Ra2 61. Qd3 Qb2 62. Be2 Qc1+ 63. Kf2 Qf4+ 64. Kg1 Rd2 65.
Qc3+ Qd4+ 66. Qxd4+ Rxd4 67. Kf2 f5 68. Bf3 Kf6 69. Ke3 Ra4 70. Bc6 Ra3+ 71.
Kf2 Ke5 72. Bb7 Kf4 73. Bf3 Rxf3+ 74. gxf3 g5 75. Kg2 Ke3 76. Kg3 f4+ 77. Kg4
Kf2 78. Kxg5 Kxf3 79. h4 Ke3 80. h5 f3 81. h6 f2 82. h7 f1=Q 83. h8=Q Qf4+ 84.
Kg6 1/2-1/2

[Event "SR 3. liga A2 2013/2014"]
[Site "?"]
[Date "2013.12.01"]
[Round "4.1"]
[White "Curidlo, Jan"]
[Black "Strecansky, Lukas"]
[Result "1-0"]
[WhiteElo "1852"]
[BlackElo "1563"]
[PlyCount "87"]
[EventDate "2013.??.??"]

1. e4 e5 2. Nf3 Nc6 3. Bb5 a6 4. Ba4 d6 5. h3 Nf6 6. d3 b5 7. Bb3 Na5 8. c3
Nxb3 9. Qxb3 Be6 10. Qc2 h6 11. Be3 Be7 12. Nbd2 c5 13. Rd1 Qa5 14. O-O O-O 15.
a3 Rfc8 16. Qb1 Qc7 17. Rc1 Qd7 18. Kh2 Nh5 19. d4 cxd4 20. cxd4 f6 21. d5 Bf7
22. Nh4 Nf4 23. Nf5 Bg6 24. Nxe7+ Qxe7 25. Bxf4 exf4 26. f3 Qd7 27. Rxc8+ Rxc8
28. Nb3 Rc4 29. Qd3 Qa7 30. Na5 Rc7 31. Nc6 Qb6 32. Qd2 Be8 33. Nd4 Rc4 34. Nf5
Bf7 35. Qxf4 Kf8 36. Qxd6+ Qxd6+ 37. Nxd6 Rc2 38. Nxf7 Kxf7 39. Rb1 Ke7 40. h4
Kd6 41. b4 Ra2 42. Rb3 Ke5 43. Rd3 Kd6 44. h5 1-0

[Event "SR 3. liga A2 2013/2014"]
[Site "?"]
[Date "2013.12.01"]
[Round "4.2"]
[White "Jozefek, Michal"]
[Black "Sosna, Jan"]
[Result "0-1"]
[WhiteElo "2168"]
[BlackElo "2367"]
[PlyCount "40"]
[EventDate "2013.??.??"]

1. d4 d5 2. c4 e6 3. Nc3 c6 4. e4 dxe4 5. Nxe4 Bb4+ 6. Bd2 Qxd4 7. Bxb4 Qxe4+
8. Be2 Na6 9. Bc3 Ne7 10. Bxg7 Rg8 11. Bf6 Rg6 12. f3 Qf4 13. Bxe7 Kxe7 14. g3
Qc7 15. Bd3 Rf6 16. f4 e5 17. Qe2 Qa5+ 18. Kd1 Rd6 19. fxe5 Rxd3+ 20. Qxd3 Bg4+
0-1